Átadták a Szeged Kultúrájáért díjakat és a Kölcsey-érmeket

Elmentve itt :
Bibliográfiai részletek
További közreműködők: Frank Yvette
Dokumentumtípus: Cikk
Megjelent: 2025-01-22
Sorozat:Szegedinap.hu
Kulcsszavak:Magyar Kultúra Napja, Kitüntetés, Andrejcsik István - óraadó művésztanár magánének főtárgy - Szeged Kultúrájáért díj, Magánének Tanszék, Bartók Béla Művészeti Kar - BBMK, Rozgonyiné Molnár Emma - nyugalmazott főiskolai tanár - Kölcsey-érem, Magyar Nyelvészeti Tanszék, Juhász Gyula Pedagógusképző Kar - JGYPK
Online Access:http://univ.bibl.u-szeged.hu/73042
LEADER 01004nab a2200169 i 4500
001 univ73042
005 20250123152339.0
008 250123s2025 hu o 000 hun d
040 |a SZTE UnivHistória Repozitórium  |b hun 
041 |a hun 
245 0 0 |a Átadták a Szeged Kultúrájáért díjakat és a Kölcsey-érmeket  |h [elektronikus dokumentum] 
260 |c 2025-01-22 
490 0 |a Szegedinap.hu 
561 |a Egyetemi hirarchívum 
695 |a Magyar Kultúra Napja, Kitüntetés, Andrejcsik István - óraadó művésztanár magánének főtárgy - Szeged Kultúrájáért díj, Magánének Tanszék, Bartók Béla Művészeti Kar - BBMK, Rozgonyiné Molnár Emma - nyugalmazott főiskolai tanár - Kölcsey-érem, Magyar Nyelvészeti Tanszék, Juhász Gyula Pedagógusképző Kar - JGYPK 
700 0 1 |a Frank Yvette 
856 4 0 |u http://univ.bibl.u-szeged.hu/73042/1/%C3%81tadt%C3%A1k%20a%20Szeged%20Kult%C3%BAr%C3%A1j%C3%A1%C3%A9rt%20d%C3%ADjakat%20%C3%A9s%20a%20K%C3%B6lcsey-%C3%A9rmeket.pdf  |z Dokumentum-elérés